| 000 | 00444nam a2200145 i 4500 | ||
|---|---|---|---|
| 001 | 61121 | ||
| 003 | ES-MaACL | ||
| 007 | t| | ||
| 008 | 031110s1966 xxu ||||1| spa d | ||
| 245 | 0 | 0 |
_aEvaluación del Plan Nacional de desarrollo económico y social de Honduras _b: 1965-1969. |
| 260 |
_aWashington : _bUnión Panamericana, _c1966. |
||
| 300 |
_a368 p. ; _c27 cm. |
||
| 500 | _aEjemplar multicopista. | ||
| 852 |
_aES-MaACL _jE-8254 _bR.92807 |
||
| 999 |
_c61121 _d61121 |
||